000 00281nam a22001217a 4500
008 260116b ||||| |||| 00| 0 eng d
041 _aeng
080 _8005
_a005
100 _a02
101 _amed
245 _aThe American Surgeon
_cChristopher R. McHenry MD
942 _2lcc
_cBK
999 _c60755
_d60755